Normal view
MARC view
- Larminat, Philippe de.
Entry Personal Name
001 - CONTROL NUMBER
- control field: 26208
003 - CONTROL NUMBER IDENTIFIER
- control field: NUST
005 - DATE AND TIME OF LATEST TRANSACTION
- control field: 20191126111519.0
008 - FIXED-LENGTH DATA ELEMENTS
- fixed length control field: 191126|| aca||aabn | a|a d
040 ## - CATALOGING SOURCE
- Original cataloging agency: NUST
- Transcribing agency: NUST
100 ## - HEADING--PERSONAL NAME
- Personal name: Larminat, Philippe de.
670 ## - SOURCE DATA FOUND
- Source citation: Work cat.: (NUST): Analysis and control of linear systems /, 2007.
